000 00547nam a2200217 a 4500
001 BRCA_5680
005 20190320205159.0
008 020311s1872----mx-#######---#000-0#spa-#
041 _aspa
044 _amx
050 4 _aHF5651
_b.R37 1872
100 1 _aRaso, Bernardino del
_914432
245 1 0 _aTeneduría de libros
_cBernardino del Raso.
260 _aMéxico
_c1872
300 _a1 v. (sin paginación)
_c21 cm.
500 _aH1
650 1 4 _aContabilidad
_914433
650 1 4 _aAdministración
_914434
902 _aGFM
942 _2lcc
_cB
999 _c5373
_d5373